书目信息 |
| 题名: |
杏坛花雨
|
|
| 作者: | 邓志斌 著 | |
| 分册: | ||
| 出版信息: | 长春 东北师范大学出版社 2022.04 |
|
| 页数: | 141页 | |
| 开本: | 24cm | |
| 丛书名: | ||
| 单 册: | ||
| 中图分类: | G630-03 , G632.0-53 | |
| 科图分类: | ||
| 主题词: | 教育研究--中小学--文集 , 教学研究--中小学--文集 | |
| 电子资源: | ||
| ISBN: | 978-7-5681-7619-4 | |
| 000 | 00961nam0 2200265 450 | |
| 001 | 012001000796 | |
| 005 | 20140201082345.0 | |
| 010 | @a978-7-5681-7619-4@dCNY45.00 | |
| 100 | @a20220905d2021 em y0chiy50 ea | |
| 101 | 0 | @achi |
| 102 | @aCN@b220000 | |
| 105 | @ay z 000yy | |
| 106 | @ar | |
| 200 | 1 | @a杏坛花雨@e教育教学漫谈@f邓志斌著@Axing tan hua yu |
| 210 | @a长春@c东北师范大学出版社@d2022.04 | |
| 215 | @a141页@d24cm | |
| 300 | @a名师名校名校长书系 | |
| 330 | @a本书分教育教学感悟、研修学习心得、诗歌散文随笔三部分,收录了《关注学生不正确的认识》《课程改革如此美丽》《我眼中的阅读》《带领学生走进中国古文字的瑰丽花园》《解读学校发展策划》《一切为了学生的终身发展》《变分立的教育为融通的教育》等文章。 | |
| 606 | 0 | @a教育研究@x中小学@j文集 |
| 606 | 0 | @a教学研究@x中小学@j文集 |
| 690 | @aG630-03@v5 | |
| 690 | @aG632.0-53@v5 | |
| 701 | 0 | @a邓志斌@4著@Adeng zhi bin |
| 801 | 0 | @aCN@bAHXH@c20221111 |
| 905 | @b1365080-4@dG630-03@e1405@f5 | |
| 杏坛花雨:教育教学漫谈/邓志斌著.-长春:东北师范大学出版社,2022.04 |
| 141页;24cm |
| 名师名校名校长书系 |
| ISBN 978-7-5681-7619-4:CNY45.00 |
| 本书分教育教学感悟、研修学习心得、诗歌散文随笔三部分,收录了《关注学生不正确的认识》《课程改革如此美丽》《我眼中的阅读》《带领学生走进中国古文字的瑰丽花园》《解读学校发展策划》《一切为了学生的终身发展》《变分立的教育为融通的教育》等文章。 |
| ● |
| 相关链接 |
|
|
|
|
正题名:杏坛花雨
索取号:G630-03/1405
 
预约/预借
| 序号 | 登录号 | 条形码 | 馆藏地/架位号 | 状态 | 备注 |
| 1 | 1365080 | 213650805 | 第一样本阅览室/ [索取号:G630-03/1405] | 在馆 | |
| 2 | 1365081 | 213650814 | 教育系资料室/ [索取号:G630-03/1405] | 在馆 | |
| 3 | 1365082 | 213650823 | 教育系资料室/ [索取号:G630-03/1405] | 在馆 | |
| 4 | 1365083 | 213650832 | 第四借阅区/ [索取号:G630-03/1405] | 在馆 | |
| 5 | 1365084 | 213650841 | 第四借阅区/ [索取号:G630-03/1405] | 在馆 |